Všeobecná zodpovednosť pracovníka za škodu
Predpoklady pre vznik zodpovednosti za škodu pracovníka podľa Zákonníka práce. Vznik škody na strane organizácie. Porušenie povinnosti pracovníkom. Príčinná súvislosť vzniku škody. Zavinenie. Zodpovednosť za schodok na zverených hodnotách. Dohoda o hmotnej zodpovednosti. Schodok na zverených hodnotá...
Salvato in:
| Autore principale: | |
|---|---|
| Natura: | Capitolo di libro |
| Lingua: | slovacco |
| Soggetti: | |
| Tags: |
Nessun Tag, puoi essere il primo ad aggiungerne!!
|
MARC
| LEADER | 00000naa a2200000 4500 | ||
|---|---|---|---|
| 001 | r019192 | ||
| 005 | 20221213100212.2 | ||
| 041 | 0 | |a slo | |
| 044 | |a SK | ||
| 245 | 1 | 0 | |a Všeobecná zodpovednosť pracovníka za škodu |c J. Kováčová |
| 520 | |a Predpoklady pre vznik zodpovednosti za škodu pracovníka podľa Zákonníka práce. Vznik škody na strane organizácie. Porušenie povinnosti pracovníkom. Príčinná súvislosť vzniku škody. Zavinenie. Zodpovednosť za schodok na zverených hodnotách. Dohoda o hmotnej zodpovednosti. Schodok na zverených hodnotách a inventarizácia. Predpoklad zavinenia. Rozsah náhrady škody pri zodpovednosti za schodok. | ||
| 610 | 2 | 0 | |a zákonník práce |
| 610 | 2 | 0 | |a zodpovednosť pracovníka |
| 610 | 2 | 0 | |a škody |
| 610 | 2 | 0 | |a náhrada škody |
| 610 | 2 | 0 | |a zodpovednosť hmotná |
| 610 | 2 | 0 | |a právo pracovné |
| 610 | 2 | 0 | |a manká |
| 100 | 1 | |a Kováčová, J. | |